| 000 | 00837cam a2200313Ma 4500 | ||
|---|---|---|---|
| 001 | 75536 | ||
| 005 | 20230410130936.0 | ||
| 008 | 071122s2006 sp g 000 fdspa d | ||
| 035 | _a(OCoLC)ocn318391839 | ||
| 040 |
_aZZAND _bspa _cZZAND _dLGG |
||
| 020 | _a8420469955 | ||
| 020 | _a9788420469959 | ||
| 020 | _a9789587044287 | ||
| 020 | _a9587044282 | ||
| 035 | _a(OCoLC)318391839 | ||
| 043 | _as-pe--- | ||
| 050 | 1 | 4 |
_aPQ 8498.32 _bV297t 2006 |
| 049 | _aGRAL | ||
| 100 | 1 |
_aVargas Llosa, Mario, _d1936- |
|
| 245 | 1 | 0 |
_aTravesuras de la niƱa mala / _cMario Vargas Llosa. |
| 260 |
_aMadrid : _bAlfaguara, _c2006. |
||
| 300 |
_a375 p. ; _c23 cm. |
||
| 650 | 1 | 7 |
_aNovela peruana _ySiglo XX. |
| 650 | 1 | 7 |
_aLiteratura Peruana _ySiglo XX. |
| 650 | 1 | 7 |
_aAmor _vNovela. |
| 942 |
_2lcc _cbk |
||
| 994 |
_aC0 _bDRFGD |
||
| 946 | _aRCH | ||
| 999 |
_c83171 _d83171 |
||